000 00497nam a2200169 i 4500
001 65202
003 ES-MaACL
005 20230906165323.0
007 t|
008 040109s1965 ag ||||1| spa d
100 1 _aFrazee, Steve.
_952399
245 1 3 _aEl año de la gran nevada /
_cSteve Frazee ; [traducción de Nilda Mercado].
260 _aBuenos Aires :
_bPlaza & Janés,
_c[1965]
300 _a231 p. ;
_c18 cm.
700 1 _aMercado, Nilda.
_980437
852 _aES-MaACL
_jC-28919
_bR.58260
999 _c65202
_d65202